Η κοινωνιοσυναισθηματική διδασκαλία της γλώσσας μέσα από το παιδικό ρεαλιστικό μυθιστόρημα : ένα παράδειγμα με θεματική ενότητα "το διαζύγιο"

Αποθηκεύτηκε σε:
Λεπτομέρειες βιβλιογραφικής εγγραφής
Κύριος συγγραφέας: Παπαδοπούλου-Μανταδάκη, Σμαράγδα, 1969-
Μορφή: Βιβλίο
Γλώσσα:Greek
Δημοσίευση: [Αθήνα] : Μεταίχμιο, [c2003]
Σειρά:Επιστήμες (Μεταίχμιο)
Θέματα:
Ετικέτες: Προσθήκη ετικέτας
Δεν υπάρχουν, Καταχωρήστε ετικέτα πρώτοι!

MARC

LEADER 00000cam a2200000 i 4500
001 1/73805
008 080207s2003 gre d
020 |a 960-375-571-0 
035 |l 10094478 
040 |a GR-MY-UA  |b gre  |e aacr 
041 0 |a gre 
082 0 |a 372.6  |2 (22) 
100 1 |a Παπαδοπούλου-Μανταδάκη, Σμαράγδα,  |d 1969- 
245 1 2 |a Η κοινωνιοσυναισθηματική διδασκαλία της γλώσσας μέσα από το παιδικό ρεαλιστικό μυθιστόρημα :  |b ένα παράδειγμα με θεματική ενότητα "το διαζύγιο" /  |c Σμαράγδα Παπαδοπούλου-Μανταδάκη 
260 |a [Αθήνα] :   |b Μεταίχμιο,   |c [c2003] 
300 |a 92 σ.;  |c 21 εκ. 
490 1 |a Μεταίχμιο επιστήμες 
504 |a Περιλαμβάνει βιβλιογραφίες 
650 0 0 |a Language experience approach in education. 
650 0 0 |a Language arts (Elementary)  |z Greece. 
650 0 0 |a Children's literature  |x Study and teaching (Elementary) 
650 0 0 |a Interdisciplinary approach in education  |x Case studies. 
830 0 |a Επιστήμες (Μεταίχμιο) 
852 |a INST  |b RHODES  |e 20080207  |h 372.6 ΠΑΠ  |p 005400030092  |q 005400030092  |t BK  |y 0 
901 |a BIBL4-2008-1 
909 |a Ρ  |b 128332 
970 |a ΚΟΖΑ  |b ΜΑΡΙΑ  |z 2008/02/07